Refugee Law

Detalles Bibliográficos
Autor principal: Baglay, Sasha
Otros Autores: Jones, Martin
Formato: eBook
Lenguaje:inglés
Publicado: Toronto: Irwin Law Inc., 2017
Materias:
Acceso en línea:Acceso restringido

MARC

LEADER 00000nam a22000007a 4500
005 20210813121152.0
007 cr|||| ||||
008 210813s2017 ca |||||s|||| 00||0 eng d
020 |a 978-1-55221-451-0 
035 |a 34935 
040 |a vLex 
090 |c 12018  |d 12018 
100 1 |a Baglay, Sasha 
245 1 0 |a Refugee Law  |h [Recurso electrn̤ico] /  |c Sasha Baglay, Martin Jones 
256 |a Servicio en ln̕ea 
260 |a Toronto:  |b Irwin Law Inc.,  |c 2017 
300 |a 1 recurso electrn̤ico 
506 1 |a Disponible solo en los productos indicados  |d vLex Global  |d vLex Global (Academic Edition, excluding Law Schools)  |d vLex Global (U.S. Academic Edition, Law Schools)  |d vLex Global (U.S. Academic Edition, excluding Law Schools)  |d vLex Global (Academic Edition, Law Schools) 
650 0 4 |a Derecho Constitucional  |z Canad̀ 
700 1 |a Jones, Martin 
740 0 |a vLex Libros (Servicio en ln̕ea) 
856 4 0 |u https://app.vlex.com/#/sources/34935  |z Acceso restringido 
942 |c BOOK 
999 0 |a Constitutional right